00888cam a22002054a 45000010009000000050017000090080041000260200020000670410008000870800021000951000020001162450100001362500012002362640045002483000021002936530125003146530069004398560083005088560091005911518296920210624121411.0080215s2008 cau b 001 0 eng  a9780470189702  aeng a616.8-008.6 R-521 aRief, Sandra F.14aThe ADD/ADHD checklist :cA Practical Reference for Parents and Teachers /bby Sandra F. Rief. a2nd ed. aSan Francisco, CA :bJossey-Bass,c2008. a257 p. ;c23 cm. aყურადღების დეფიციტით დაქვეითებული ბავშვები aДети с синдромом дефицита внимания413Table of contents onlyuhttp://www.loc.gov/catdir/toc/ecip0811/2008006603.html423Publisher descriptionuhttp://www.loc.gov/catdir/enhancements/fy0814/2008006603-d.html